000 00567nam a22001817a 4500
003 UA-OsUOA
001 15048
007 ta
008 20031029b un ||||| |||| 00| 0 ukr d
100 _aМихайлов Ю.
942 _cSA
040 _aUA-OsUOA
_cUA-OsUOA
_dUA-OsUOA
245 _aМайбутнє за UMC: [Про послуги мобільногозв'язку у Сарнен. р-ні]
300 _aС.2
955 _a0
773 0 _w0
_tСарненські новини
_dСарни
_d2003
_g№86/87/ 4 верес./
650 7 _aЗв'язок
_2UDC
999 _c301213
_d301213